Statystyki dla Państwa według emisji dwutlenku węgla

Kliknij tutaj aby rozwiązać quiz!

Ogólne statystyki

  • Ten quiz został rozwiązany 24 315 razy
    (9 989 od ostatniego zresetowania)
  • Średni wynik to 15 z 20

Statystyki odpowiedzi

% całościKrajPrzyrost% Poprawnych
32,5%Chiny382%
98%
12,6%Stany Zjednoczone-11%
98%
4,66%Rosja-30%
95%
1,77%Niemcy-31%
94%
0,81%Polska-21%
93%
6,71%Indie303%
91%
1,26%Brazylia98%
88%
1,51%Kanada20%
85%
2,95%Japonia-9%
83%
1,13%Meksyk40%
82%
0,87%Wielka Brytania-47%
77%
0,83%Włochy-31%
72%
1,07%Australia39%
71%
1,21%Południowa Afryka39%
66%
1,73%Korea Południowa129%
63%
1,58%Indonezja245%
62%
1,64%Arabia Saudyjska239%
60%
1,92%Iran237%
60%
1,13%Turcja169%
59%
0,90%Wietnam1468%
40%

Rozkład punktacji

Percentyl według liczby udzielonych odpowiedzi

Procent ludzi z każdym wynikiem

Twoja historia wyników

Nie rozwiązałeś tego quizu od ostatniego zresetowania